000 00848nmm a2200289 a 4500
003 AR-BaBNM
005 20251128211107.0
008 152120s1963 ||||||||||||||000 | spa||
040 _cAR-BaBNM
100 1 _aCirigliano, Gustavo F.J.
245 1 0 _aTemas nuevos en educación
260 _aEntre Ríos
_bUniversidad Nacional del Litoral
_bFacultad de Ciencias de la Educación
_c1963
300 0 _a134 p.
_bdiagr.
504 _aBibliografía a pie de página
600 1 4 _aBrameld, Theodore
600 1 4 _aMorris, Van Cleve
600 1 4 _aAyer, Alfred Jule
650 4 _aFILOSOFIA DE LA EDUCACION
650 4 _aTECNOLOGIA EDUCATIVA
650 4 _aHISTORIA DE LA EDUCACION
650 4 _aMAQUINAS DE ENSENAR
650 4 _aTEORIA DE LA EDUCACION
651 4 _aEstados Unidos
651 4 _aArgentina
942 _cBK
998 _cAlicia
999 _c18193
_d18193